Szczegóły MARC21

Planowany chaos /

003 -Nazwa inst., której nr kontr. jest w polu 001 [,]
    • @
    • Nazwa instytucji, której n kontrolny jest w polu 001
    • NUKAT
005 -DATA I CZAS OSTATNIEJ MODYFIKACJI [,]
    • @
    • pole kontrolne
    • 20241231105737.0
020 -Międzynarod. znormalizowany nr książki - ISBN [ , ]
    • a
    • Numer ISBN
    • 8388017152 Find
    • q
    • Dopowiedzenie
    • ILK
020 -Międzynarod. znormalizowany nr książki - ISBN [ , ]
    • a
    • Numer ISBN
    • 838981210X Find
    • q
    • Dopowiedzenie
    • Fijorr
040 -Instytucja sporządzająca opis [ , ]
    • a
    • Instytucja, która sporządziła opis (NP)
    • WR U/mj
    • c
    • Instytucja, która sporządziła rekord (NP)
    • WR U/mj
    • d
    • Instytucja, która zmodyfikowała rekord (P)
    • WR U/dl
041 -Język dokumentu [1, ]
    • a
    • Język tekstu (P)
    • polski
    • h
    • Język tekstu oryginalnego i/lub pośredniego (P)
    • angielski
942 -Rodzaj dokumentu [ , ]
    • c
    • Rodzaj dokumentu
    • Książka
100 -Hasło główne - nazwa osobowa [1, ]
    • a
    • Nazwa osobowa (NP)
    • Mises, Ludwig von
    • d
    • Daty biograficzne (NP)
    • (1881-1973).
    • 9
    • KHW
    • 40708
240 -Tytuł ujednolicony [1,0]
    • a
    • Tytuł ujednolicony
    • Planned chaos
    • l
    • Język tekstu
    • (pol.)
    • 9
    • KHW
    • 40881
245 -Strefa tytułu i oznaczenia odpowiedzialności [1,0]
    • a
    • Tytuł
    • Planowany chaos / Find
    • c
    • Pozostałe elementy strefy tytułu i oznaczenia odpowiedzialności (NP)
    • Ludwig von Mises ; tł. Leszek S. Kolek.
260 -Strefa adresu wydawniczego [ , ]
    • a
    • Miejsce wydania (P)
    • Lublin :
    • b
    • Nazwa wydawcy (P)
    • Instytut Liberalno-Konserwatywny ;
    • a
    • Miejsce wydania (P)
    • Warszawa :
    • b
    • Nazwa wydawcy (P)
    • Fijorr Publishing,
    • c
    • Data wydania (P)
    • 2005.
300 -Strefa opisu fizycznego [ , ]
    • a
    • Określenie formy książki i/lub objętość (NP)
    • 108 s. ;
    • c
    • Format (NP)
    • 21 cm.
336 -Typ zawartości [ , ]
    • a
    • Termin opisujący typ zawartości
    • Tekst
    • b
    • Kod określający zawartość
    • txt
    • 2
    • Źródło (terminu i kodu)
    • rdacontent
337 -Typ mediów [ , ]
    • a
    • Tryb odtwarzania
    • Bez urządzenia pośredniczącego
    • b
    • Kod typu mediów
    • n
    • 2
    • Źródło (terminu i kodu)
    • rdamedia
338 -Typ/rodzaj nośnika [ , ]
    • a
    • Hasło opisujące typ nośnika
    • Wolumin
    • b
    • Kod typu nośnika
    • nc
    • 2
    • Źródło (terminu i kodu)
    • rdacarrier
500 -Uwaga ogólna [ , ]
    • a
    • Uwaga ogólna (NP)
    • U dołu s. tyt. miejsce wyd.: Lublin, Chicago, Warszawa.
504 -Uwaga dot. bibliogr. załącznikowej [ , ]
    • a
    • Uwaga dot. bibliografii załącznikowej
    • Indeks.
080 -Uniwersalna Klasyfikacja Dziesiętna [ , ]
    • 2
    • Identyfikator wydania tablic
    • UDC-P058
    • 9
    • UKD
    • 2852
    • a
    • Symbol klasyfikacji
    • 321.64
    • b
    • Dopowiedzenie
    • Ustroje autokratyczne czasów nowożytnych oparte na ruchach politycznych i nacjonalistycznych. Dyktatura monopartyjna. Totalitaryzm. Dyktatura wojskowa. Faszyzm jako ustrój. Komunizm
650 -Hasło przedmiotowe [ ,7]
    • a
    • Hasło przedmiotowe
    • Totalitaryzm.
    • 2
    • Źródło terminu
    • kaba
    • 9
    • KHW
    • 133666
650 -Hasło przedmiotowe [ ,7]
    • a
    • Hasło przedmiotowe
    • Socjalizm
    • y
    • Określnik chronologiczny
    • 20 w.
    • 2
    • Źródło terminu
    • kaba
    • 9
    • KHW
    • 350549
980 -Symbol UKD [ , ]
    • a
    • UKD
    • 321.64
700 -Hasło dodatkowe - nazwa osobowa [1, ]
    • a
    • Nazwa osobowa (NP)
    • Kolek, Leszek. Find
    • e
    • Określenie rodzaju współpracy
    • Tł.
    • 9
    • KHW
    • 40879
920 -ISBN [ , ]
    • a
    • ISBN
    • 83-88017-15-2 Find
    • q
    • Dopowiedzenie
    • ILK
920 -ISBN [ , ]
    • a
    • ISBN
    • 83-89812-10-X Find
    • q
    • Dopowiedzenie
    • Fijorr
Numer inwentarzowy Status udost. Lokalizacja Data inwentaryzacji
T.11559-2T2012-03-15